| 000 | 01248nam a2200313Ia 4500 | ||
|---|---|---|---|
| 001 | ebr10547158 | ||
| 003 | CaPaEBR | ||
| 006 | m u | ||
| 007 | cr cn||||||||| | ||
| 008 | 120420s2012 enka s 001 0 eng d | ||
| 020 | _z9781849691482 | ||
| 020 | _z9781849691499 | ||
| 040 |
_aCaPaEBR _cCaPaEBR |
||
| 035 | _a(OCoLC)805417799 | ||
| 050 | 1 | 4 |
_aQA76.76.O63 _bG66 2012eb |
| 100 | 1 | _aGoodman, Steve. | |
| 245 | 1 | 0 |
_aiPhone With Microsoft Exchange Server 2010 _h[electronic resource] : _bbusiness integration and deployment / _cSteve Goodman. |
| 260 |
_aBirmingham, UK : _bPackt Publishing Ltd., _c2012. |
||
| 300 |
_a272 p. : _bcol. ill. |
||
| 500 | _aIncludes index. | ||
| 533 |
_aElectronic reproduction. _bPalo Alto, Calif. : _cebrary, _d2011. _nAvailable via World Wide Web. _nAccess may be limited to ebrary affiliated libraries. |
||
| 630 | 0 | 0 | _aMicrosoft Exchange server. |
| 650 | 0 |
_aiPhone (Smartphone) _xProgramming. |
|
| 650 | 0 |
_aClient/server computing _vSoftware. |
|
| 650 | 0 |
_aApplication software _xDevelopment. |
|
| 655 | 7 |
_aElectronic books. _2local |
|
| 710 | 2 | _aebrary, Inc. | |
| 856 | 4 | 0 |
_uhttp://site.ebrary.com/lib/rucke/Doc?id=10547158 _zAn electronic book accessible through the World Wide Web; click to view |
| 999 |
_c247376 _d247376 |
||